000 01114nam a22002777a 4500
999 _c112156
_d112156
003 dpl
005 20191228114449.0
008 191228b ||||| |||| 00| 0 eng d
010 _aB-257927
020 _c130.00
_a8189679007
035 _aB-257927, B-257952
037 _bCen Lib/Ret
040 _aDPL
_bHN
_c0
082 _a821
_bशर्माकु
100 _aशर्मा, कुसुम
_946125
245 _aविद्यालय प्रार्थना सभा /
_cकुसुम शर्मा
246 _aVidhyalaya prarthna sabha /
_bby Kusum Sharma
260 _aजयपुर
_bसुरेश बुक डिपो
_c2007
270 _a195, गोपाल ज़ी का रास्ता
_bजयपुर
300 _a124पृ.
_c19सेमी (सजिल्द)
650 _aहिन्दी साहित्य
_946126
650 _aमात्रभूमि वन्दनाएँ
_9717
650 _aHindi Literature
_946127
650 _aMatrbhumi Vndnaaa
_946128
942 _2ddc
_cHN
_h821
_mशर्माकु